KOHA-Header-6

Microbiology (Record no. 1084)

000 -LEADER
fixed length control field 00312nam a2200133Ia 4500
008 - FIXED-LENGTH DATA ELEMENTS--GENERAL INFORMATION
fixed length control field 190722s9999 xx 000 0 und d
020 ## - INTERNATIONAL STANDARD BOOK NUMBER
International Standard Book Number 978-0-4156-0770-4
100 ## - MAIN ENTRY--PERSONAL NAME
Personal name Simon Baker
245 #0 - TITLE STATEMENT
Title Microbiology
250 ## - EDITION STATEMENT
Edition statement 4th
260 ## - PUBLICATION, DISTRIBUTION, ETC. (IMPRINT)
Place of publication, distribution, etc New York
Name of publisher, distributor, etc GS Garland Science
Date of publication, distribution, etc 2012
300 ## - PHYSICAL DESCRIPTION
Extent 352
942 ## - ADDED ENTRY ELEMENTS (KOHA)
Koha item type Books
Holdings
Withdrawn status Lost status Damaged status Not for loan Collection code Permanent Location Current Location Shelving location Date acquired Total Checkouts Total Renewals Full call number Barcode Date last seen Date checked out Price effective from Koha item type
        Bio Sciences MAJU MAJU Shelf No.A37 2019-07-22 4 2 579 7709 2023-01-21 2023-01-13 2019-07-22 Bio Science

Powered by Koha